The Tansley review collections. (Record no. 158588)
[ view plain ]
| 000 -LEADER | |
|---|---|
| fixed length control field | 00922cam a2200277Ia 4500 |
| 008 - FIXED-LENGTH DATA ELEMENTS--GENERAL INFORMATION | |
| fixed length control field | |
| 020 ## - INTERNATIONAL STANDARD BOOK NUMBER | |
| International Standard Book Number | 0521627168 (pbk.) |
| 049 ## - LOCAL HOLDINGS (OCLC) | |
| Holding library | MAIN |
| 090 ## - LOCALLY ASSIGNED LC-TYPE CALL NUMBER (OCLC); LOCAL CALL NUMBER (RLIN) | |
| Classification number (OCLC) (R) ; Classification number, CALL (RLIN) (NR) | QK649 |
| 003 - CONTROL NUMBER IDENTIFIER | |
| control field | |
| 005 - DATE AND TIME OF LATEST TRANSACTION | |
| control field | 20230123134021.0 |
| 040 ## - CATALOGING SOURCE | |
| Transcribing agency | NUST |
| 245 04 - TITLE STATEMENT | |
| Title | The Tansley review collections. |
| Number of part/section of a work | 1, |
| Name of part/section of a work | Leaf development and function / |
| Statement of responsibility, etc. | edited by A.M. Hetherington. |
| 246 30 - VARYING FORM OF TITLE | |
| Title proper/short title | Leaf development and function |
| 260 ## - PUBLICATION, DISTRIBUTION, ETC. | |
| Place of publication, distribution, etc. | Cambridge : |
| Name of publisher, distributor, etc. | Published for the New Phytologist Trust by Cambridge University Press, |
| Date of publication, distribution, etc. | c1997. |
| 300 ## - PHYSICAL DESCRIPTION | |
| Extent | 1 v. (various pagings) : |
| Other physical details | ill. ; |
| Dimensions | 30 cm. |
| 504 ## - BIBLIOGRAPHY, ETC. NOTE | |
| Bibliography, etc. note | Includes bibliographical references. |
| 650 #0 - SUBJECT ADDED ENTRY--TOPICAL TERM | |
| Topical term or geographic name entry element | Leaves |
| General subdivision | Development. |
| 650 #0 - SUBJECT ADDED ENTRY--TOPICAL TERM | |
| Topical term or geographic name entry element | Leaves |
| General subdivision | Growth. |
| 700 1# - ADDED ENTRY--PERSONAL NAME | |
| Personal name | Hetherington, A. M. |
| 710 2# - ADDED ENTRY--CORPORATE NAME | |
| Corporate name or jurisdiction name as entry element | New Phytologist Trust. |
| 730 0# - ADDED ENTRY--UNIFORM TITLE | |
| Uniform title | New phytologist. |
| 730 0# - ADDED ENTRY--UNIFORM TITLE | |
| Uniform title | Tansley review. |
| 907 ## - LOCAL DATA ELEMENT G, LDG (RLIN) | |
| a | .b10018852 |
| b | 24-06-05 |
| c | 17-04-03 |
| 942 ## - ADDED ENTRY ELEMENTS (KOHA) | |
| Koha item type | Ordinary Loan Books |
| Call number prefix | QK649 |
| Date last seen | Total Checkouts | Full call number | Barcode | Cost, replacement price | Price effective from | Koha item type | Lost status | Source of classification or shelving scheme | Damaged status | Not for loan | Collection | Withdrawn status | Home library | Current library | Shelving location | Date acquired | Cost, normal purchase price |
|---|---|---|---|---|---|---|---|---|---|---|---|---|---|---|---|---|---|
| 01/23/2023 | 2 | QK649 TAN | 92003005719 | 80.00 | 01/23/2023 | BOOKS | LCC | NFIC | MAIN | MAIN | GEN | 01/23/2023 | 80.00 |